[Event "Hampshire-chB"]
[Site "Fareham"]
[Date "2022.11.05"]
[Round "2"]
[White "Baron, Patrik"]
[Black "Ferreira, Erico Oliveira"]
[Result "1-0"]
[WhiteElo "1750"]
[BlackElo "1592"]
[PlyCount "132"]
[EventDate "2022.11.04"]
[EventType "swiss"]
[EventRounds "6"]
[EventCountry "ENG"]
[SourceTitle "EXT 2024"]
[Source "ChessBase"]
[SourceDate "2023.10.10"]
[SourceVersion "1"]
[SourceVersionDate "2023.10.10"]
[SourceQuality "1"]

1. e4 c6 2. d4 d5 3. Nc3 dxe4 4. Nxe4 Bf5 5. Ng3 Bg6 6. h4 h6 7. Nh3 e6 8. Nf4 Ne7 9. Bc4 Bf5 10. c3 g6 11. h5 g5 12. Nd3 b5 13. Bb3 c5 14. Nxc5 Nd7 15. Nge4 Bxe4 16. Nxe4 Nf5 17. 0-0 Qb6 18. Qf3 Rd8 19. Be3 Nh4 20. Qe2 Qb7 21. f3 Be7 22. g3 Nf5 23. Bd2 Nf6 24. Kh2 Nxh5 25. g4 Qc7+ 26. Kg1 Nhg3 27. Qh2 Bd6 28. Nxd6+ Qxd6 29. gxf5 Nxf1 30. Qxd6 Rxd6 31. Rxf1 exf5 32. Re1+ Kd7 33. Bxf7 f4 34. Re5 Rf6 35. Bh5 a6 36. Kf2 Kd6 37. Ke2 Re6 38. Rxe6+ Kxe6 39. Kd3 Kd5 40. Bf7+ Kd6 41. Bh5 Kd5 42. b3 Rh7 43. c4+ bxc4+ 44. bxc4+ Kc6 45. Bb4 Rb7 46. d5+ Kd7 47. Bf8 Rb6 48. c5 Rb1 49. c6+ Kc7 50. Bxh6 Rh1 51. Bxg5 Rxh5 52. Bxf4+ Kc8 53. d6 Rc5 54. c7 Ra5 55. Kd4 Rxa2 56. Kd5 Kd7 57. Be5 Rd2+ 58. Kc5 a5 59. Kb6 Rd5 60. f4 a4 61. Kb7 Rb5+ 62. Ka6 Rb3 63. Bd4 Rd3 64. Kb7 Rb3+ 65. Bb6 Rxb6+ 66. Kxb6 a3 1-0

[Event "SVK-ch U16"]
[Site "Stara Lubovna"]
[Date "2022.05.28"]
[Round "9"]
[White "Skreko, Igor1"]
[Black "Baron, Patrik"]
[Result "1-0"]
[WhiteElo "2065"]
[BlackElo "1740"]
[PlyCount "55"]
[EventDate "2022.05.21"]
[EventType "swiss"]
[EventRounds "9"]
[EventCountry "SVK"]
[SourceTitle "CBM 208 Extra"]
[Source "ChessBase"]
[SourceDate "2022.07.31"]
[SourceVersion "1"]
[SourceVersionDate "2022.07.31"]
[SourceQuality "1"]

1. d4 d5 2. c4 e6 3. Nc3 Nf6 4. cxd5 Nxd5 5. Bd2 Bb4 6. e4 Nxc3 7. bxc3 Be7 8. Nf3 c5 9. Qa4+ Bd7 10. Qb3 b6 11. Bd3 cxd4 12. cxd4 0-0 13. 0-0 Bc8 14. Rac1 Ba6 15. Rc2 Bxd3 16. Qxd3 Nd7 17. Rfc1 Nf6 18. Ne5 Bd6 19. Nc6 Qd7 20. e5 Bc5 21. exf6 Qxc6 22. Qg3 g6 23. dxc5 Rac8 24. Qg5 Kh8 25. Qh6 Rg8 26. Rc3 bxc5 27. Qxh7+ Kxh7 28. Rh3# 1-0